| 000 | 00620nam a2200229Ia 4500 | ||
|---|---|---|---|
| 005 | 20241129115709.0 | ||
| 008 | 241129s9999||||xx |||||||||||||| ||und|| | ||
| 020 | _a9783030563943 | ||
| 037 | _aTB | ||
| 040 |
_aSDCL _beng _cSDCL |
||
| 041 |
_aeng _2eng |
||
| 084 |
_aB6 R0 _qSDCL |
||
| 100 |
_aDougherty Steven T. _9728112 |
||
| 245 | 0 | _aCombinatorics and finite geometry | |
| 260 |
_aCham _bSpringer _c2020 |
||
| 300 | _axv,369p. | ||
| 365 |
_aEUR _b34.99 |
||
| 490 | _aSpringer undergraduate mathematics (SUMS) | ||
| 650 | _aOperational Research | ||
| 942 |
_cTB _hB6 R0 |
||
| 999 |
_c1231611 _d1231611 |
||